Hybrid Threats and Neuromarketing: A New Frontier in Manipulation and Defense

Skúmanie potenciálnej zbraňovej výzbroje neuromarketingu v rámci hybridnej vojny.

Salvato in:
Dettagli Bibliografici
Autore principale: Vrábová, Marianna
Altri autori: Vráb, František, 1975-
Natura: Capitolo di libro
Lingua:inglese
Soggetti:
Tags: Aggiungi Tag
Nessun Tag, puoi essere il primo ad aggiungerne!!

MARC

LEADER 00000naa a2200000 4500
001 0306563
005 20250212110034.6
041 0 |a eng 
044 |a TR 
245 1 0 |a Hybrid Threats and Neuromarketing: A New Frontier in Manipulation and Defense  |c Marianna Vrábová, František Vráb 
520 |a Skúmanie potenciálnej zbraňovej výzbroje neuromarketingu v rámci hybridnej vojny. 
610 2 0 |a hrozby hybridné 
610 2 0 |a neuromarketing 
610 2 0 |a manipulácia s materiálom 
610 2 0 |a dezinformácie 
610 2 0 |a propaganda 
100 1 |a Vrábová, Marianna 
700 1 |a Vráb, František, 1975-